Mixed Word: 5 Letter A-Z XVIII Quiz Stats

 Plays Quiz Updated Feb 15, 2012

Challenge
Share
Tweet
Embed
Score 0/26 Timer 03:00
0 Plays Today
Scramble Unscramble % Correct
OLOBMBLOOM
98.9%
NDRIKDRINK
98.9%
LOLEHHELLO
98.3%
OOESGGOOSE
97.8%
RCHSACRASH
97.3%
EIZRPPRIZE
96.5%
NERYDNERDY
96.1%
ABAMOOBAMA
95.9%
ASRHKSHARK
95.3%
YFHSIFISHY
95.1%
ETIHWWHITE
93.8%
LBATETABLE
93.7%
RRAWOARROW
93.5%
Scramble Unscramble % Correct
GALERLARGE
93.4%
YEDRAREADY
92.9%
KNAGAKANGA
89.6%
MNOLEMELON
89%
OUJELJOULE
85.1%
SXEESESSEX
84.5%
UPNEDUPEND
75.6%
VROGIVIGOR
74.5%
QSIUAQUASI
70.2%
ISYA-XY-AXIS
67.4%
AGXNAXANGA
58.8%
EPMLIIMPEL
50.8%
ZRIEAZAIRE
43.5%

You're not logged in!

Compare scores with friends on all Sporcle quizzes.
Join for Free
OR
Log In

You Might Also Like...

Show Comments

Extras

Top Quizzes Today


Score Distribution

Your Account Isn't Verified!

In order to create a playlist on Sporcle, you need to verify the email address you used during registration. Go to your Sporcle Settings to finish the process.

Report this User

Report this user for behavior that violates our Community Guidelines.

Details: